[Event "ESP-chT CECLUB Div2"]
[Site "Linares"]
[Date "2022.08.24"]
[Round "4.7"]
[White "Garcia Gonzalez, Omar"]
[Black "Castell Cantero, Salvador"]
[Result "0-1"]
[WhiteElo "2094"]
[BlackElo "2222"]
[PlyCount "52"]
[EventDate "2022.08.22"]
[EventType "team-swiss"]
[EventRounds "7"]
[EventCountry "ESP"]
[SourceTitle "CBM 209 Extra"]
[Source "ChessBase"]
[SourceDate "2022.09.30"]
[SourceVersion "1"]
[SourceVersionDate "2022.09.30"]
[SourceQuality "1"]
[WhiteTeam "Palacio de Pioneros"]
[BlackTeam "Agora Megaescacs"]
[WhiteTeamCountry "ESP"]
[BlackTeamCountry "ESP"]

1. e4 c5 2. Nf3 Nc6 3. d4 cxd4 4. Nxd4 e5 5. Nb5 d6 6. g3 Be6 7. Bg2 Be7 8. N5c3 f5 9. Nd5 Nf6 10. Nxe7 Qxe7 11. Nc3 0-0 12. 0-0 fxe4 13. Nxe4 d5 14. Nxf6+ Qxf6 15. b3 e4 16. Ba3 Rf7 17. c4 dxc4 18. Bxe4 Rd8 19. Qh5 g6 20. Qc5 Nd4 21. Bc1 Ne2+ 22. Kg2 Qxa1 23. Bg5 Rd1 24. Rxd1 Qxd1 25. f4 Nxf4+ 26. Bxf4 Qe2+ 0-1

[Event "ESP-chT CECLUB Div2"]
[Site "Linares"]
[Date "2022.08.23"]
[Round "2.6"]
[White "Garcia Gonzalez, Omar"]
[Black "Napoli, Nicolo"]
[Result "0-1"]
[WhiteElo "2094"]
[BlackElo "2271"]
[PlyCount "86"]
[EventDate "2022.08.22"]
[EventType "team-swiss"]
[EventRounds "7"]
[EventCountry "ESP"]
[SourceTitle "CBM 209 Extra"]
[Source "ChessBase"]
[SourceDate "2022.09.30"]
[SourceVersion "1"]
[SourceVersionDate "2022.09.30"]
[SourceQuality "1"]
[WhiteTeam "Palacio de Pioneros"]
[BlackTeam "Nazari Area F5"]
[WhiteTeamCountry "ESP"]
[BlackTeamCountry "ESP"]

1. e4 g6 2. d4 Bg7 3. Nc3 c6 4. Nf3 d5 5. h3 dxe4 6. Nxe4 Nf6 7. Nxf6+ exf6 8. Bc4 0-0 9. 0-0 Nd7 10. Bf4 Nb6 11. Bb3 a5 12. a4 Re8 13. Re1 Bf5 14. Qd2 Be4 15. Qd1 Qd7 16. c3 Qf5 17. Bh2 Bd5 18. Bxd5 Qxd5 19. Qc2 Bf8 20. b3 Qd7 21. c4 Bb4 22. Re3 Re6 23. Qd3 Rae8 24. Ne1 Rxe3 25. fxe3 Na8 26. Nc2 Bf8 27. Rf1 f5 28. Qd2 b6 29. Ne1 Qe7 30. Rf3 Qa3 31. Qc2 Qa1 32. Kf2 Be7 33. Nd3 Bh4+ 34. Bg3 Bxg3+ 35. Rxg3 Nc7 36. Ne5 f4 37. exf4 Qxd4+ 38. Kf3 Ne6 39. Qe4 Qd2 40. Qe3 Nd4+ 41. Kg4 Qd1+ 42. Rf3 h5+ 43. Kg5 Kg7 0-1

[Event "ESP-ch U18"]
[Site "Salobrena"]
[Date "2015.07.27"]
[Round "2"]
[White "Garcia Gonzalez, Omar"]
[Black "Buendia Pinar, Alvaro"]
[Result "0-1"]
[WhiteElo "1964"]
[BlackElo "2134"]
[PlyCount "64"]
[EventDate "2015.07.27"]
[EventType "swiss"]
[EventRounds "9"]
[EventCountry "ESP"]
[SourceTitle "EXT 2016"]
[Source "ChessBase"]
[SourceDate "2015.10.08"]
[SourceVersion "1"]
[SourceVersionDate "2015.10.08"]
[SourceQuality "1"]

1. e4 c5 2. Nf3 d6 3. d4 cxd4 4. Nxd4 Nf6 5. Nc3 Nc6 6. Be3 Ng4 7. Bb5 Nxe3 8. Nxc6 Nxd1 9. Nxd8+ Kxd8 10. Rxd1 e6 11. 0-0 Kc7 12. Rd4 Be7 13. Rfd1 a6 14. Be2 Rd8 15. Rc4+ Kb8 16. a4 Bd7 17. a5 Ka7 18. Na4 Bb5 19. Rc7 Bxe2 20. Re1 Bb5 21. Nb6 Bf6 22. Nxa8 Kxa8 23. Rxf7 Bxb2 24. c4 Bc6 25. h4 Bf6 26. g4 Be8 27. Rf8 Bxh4 28. Rd1 Bc6 29. Rf7 Bf6 30. Re1 Rg8 31. f4 Be8 32. g5 Bd4+ 0-1